Кримінологія: загальна частина (Запис № 330336)

МАРК-запис
000 -LEADER
fixed length control field 01237nam a22002777a 4500
001 - CONTROL NUMBER
control field 44218
003 - CONTROL NUMBER IDENTIFIER
control field UA-OsUOA
005 - DATE AND TIME OF LATEST TRANSACTION
control field 20230504161238.0
007 - PHYSICAL DESCRIPTION FIXED FIELD--GENERAL INFORMATION
fixed length control field ta
008 - FIXED-LENGTH DATA ELEMENTS--GENERAL INFORMATION
fixed length control field 20070214b un ||||| |||| 00| 0 ukr d
020 ## - INTERNATIONAL STANDARD BOOK NUMBER
International Standard Book Number 966-351-100-1
040 ## - CATALOGING SOURCE
Original cataloging agency UA-OsUOA
Language of cataloging ukr
Transcribing agency UA-OsUOA
Modifying agency UA-OsUOA
041 ## - LANGUAGE CODE
Language code of text/sound track or separate title ukr
080 ## - UNIVERSAL DECIMAL CLASSIFICATION NUMBER
Universal Decimal Classification number 343.9(042.4)
090 ## - LOCALLY ASSIGNED LC-TYPE CALL NUMBER (OCLC); LOCAL CALL NUMBER (OCLC)
Classification number (OCLC) (R) ; Classification number, CALL (RLIN) (NR) 343.9(042.4)
Local cutter number (OCLC) ; Book number/undivided call number, CALL (RLIN) К93
100 ## - MAIN ENTRY--PERSONAL NAME
Personal name Курило В. І.
245 ## - TITLE STATEMENT
Title Кримінологія: загальна частина
Remainder of title навчальний посібник
Statement of responsibility, etc Курило В. Л., Михайлов О. Є., Яра О. С.
260 ## - PUBLICATION, DISTRIBUTION, ETC. (IMPRINT)
Place of publication, distribution, etc К.
Name of publisher, distributor, etc Кондор
Date of publication, distribution, etc 2006
300 ## - PHYSICAL DESCRIPTION
Extent 192 с.
520 ## - SUMMARY, ETC.
Summary, etc У пропонованому курсі лекцій із кримінології викладені основні положення кримінологічної науки, підкріплені значною кількістю статистичних даних і прикладів із практики.
650 #7 - SUBJECT ADDED ENTRY--TOPICAL TERM
Topical term or geographic name as entry element 343 Кримінальне право. Карні порушення
Source of heading or term UDC
700 ## - ADDED ENTRY--PERSONAL NAME
Personal name Михайлов О. Є. Яра О. С.
942 ## - ADDED ENTRY ELEMENTS (KOHA)
Koha item type Книги
Source of classification or shelving scheme Universal Decimal Classification
955 ## - COPY-LEVEL INFORMATION (RLIN)
Classification number, CCAL (RLIN) Навчальні видання
Фонди
Withdrawn status Lost status Source of classification or shelving scheme Damaged status Not for loan Home library Current library Date acquired Source of acquisition Cost, normal purchase price Inventory number Total Checkouts Full call number Barcode Date last seen Price effective from Koha item type
    Universal Decimal Classification     ЧЗ - Читальна зала ЧЗ - Читальна зала 14/02/2007 24/2007 16.00 102916   343.9(042.4) К93 102916 07/02/2022 14/02/2007 Книги
    Universal Decimal Classification     ЧЗ - Читальна зала ЧЗ - Читальна зала 14/02/2007 24/2007 16.00 102917   343.9(042.4) К93 102917 07/02/2022 14/02/2007 Книги
    Universal Decimal Classification     ЧЗ - Читальна зала ЧЗ - Читальна зала 14/02/2007 24/2007 16.00 102918   343.9(042.4) К93 102918 07/02/2022 14/02/2007 Книги
    Universal Decimal Classification     ЧЗ - Читальна зала ЧЗ - Читальна зала 14/02/2007 24/2007 16.00 102919   343.9(042.4) К93 102919 07/02/2022 14/02/2007 Книги
    Universal Decimal Classification     ЧЗ - Читальна зала ЧЗ - Читальна зала 14/02/2007 24/2007 16.00 102920   343.9(042.4) К93 102920 07/02/2022 14/02/2007 Книги
    Universal Decimal Classification     ЧЗ - Читальна зала ЧЗ - Читальна зала 11/09/2007 145/2007 24.00 108157   343.9 К 16 108157 07/02/2022 11/09/2007 Книги
    Universal Decimal Classification     ЧЗ - Читальна зала ЧЗ - Читальна зала 11/09/2007 145/2007 24.00 108158   343.9 К 16 108158 07/02/2022 11/09/2007 Книги